Countries With Walmart - Sudden Death - Statistics

General Stats
  • This quiz has been taken 383 times
  • The average score is 2 of 19
Answers on the Grid
Answers color-coded by a green-red scale on the quiz's grid according to % correct below.
Angola
Botswana
Brazil
Canada
Chile
China
Colombia
Costa Rica
El Salvador
Eswatini
Ethiopia
Germany
Ghana
Guatemala
Honduras
India
Japan
Kenya
Malawi
Mexico
Mozambique
Namibia
Nicaragua
Nigeria
Panama
South Korea
Tanzania
Turkey
Uganda
United Kingdom
Zambia
Zimbabwe
 
Answer Stats
Answer % Correct
Canada
67%
Mexico
39%
China
22%
Chile
16%
Costa Rica
15%
El Salvador
11%
Honduras
9%
Botswana
8%
Guatemala
8%
Nicaragua
8%
India
6%
Nigeria
4%
Ghana
2%
Uganda
2%
Zambia
2%
Malawi
1%
Mozambique
1%
Tanzania
1%
Namibia
0%
No matching quizzes found
Score Distribution
Percent of People with Each Score
Percentile by Number Answered
Your Score History
You have not taken this quiz